Statistics for Country Subdivisions by Area

Click here to take the quiz!

General Stats

  • This quiz has been taken 27 times
  • The average score is 14 of 20

Answer Stats

Country Area Division % Correct
United States1,717,854Alaska
85%
Canada1,542,056Québec
85%
Canada948,596British Columbia
81%
Denmark2,166,086Greenland
81%
Australia1,852,642Queensland
81%
Canada1,076,395Ontario
81%
Australia809,444New South Wales
78%
Australia2,645,615Western Australia
78%
Australia1,043,514South Australia
74%
China1,228,400Tibet
70%
Australia1,420,968Northern Territory
70%
Canada1,346,106Northwest Territories
70%
Brazil1,570,947Amazonas
70%
Canada2,093,190Nunavut
70%
Brazil1,253,164Pará
59%
China1,183,000Inner Mongolia
59%
China1,660,000Xinjiang Uyghur
52%
Brazil906,807Mato Grosso
48%
Russia3,103,200Sakha
44%
Russia2,339,700Krasnoyarsk
41%

Score Distribution

Percentile by Number Answered

Percent of People with Each Score

Your Score History

You have not taken this quiz